000 00618nam a2200229Ia 4500
003 OSt
005 20220928122303.0
006 a|||||r|||| 00| 0
007 ta
008 220927b |||||||| |||| 00| 0 eng d
024 _a131748
037 _cTextual
040 _aSDCL
_cSDCL
_beng
041 _2eng
_aeng
082 _aV2,k,L, N8
100 _aStanley Peter
_9457207
245 0 _aWhite mutiny
_b British military culture in India,1825-1875
260 _aLondon
_bHurst
_c1998
300 _axiv,314p
_ccm.
942 _hV2,k,L, N8
_cTEXL
_2CC
999 _c770712
_d770712